[Event "POL-ch U18"]
[Site "Leba"]
[Date "2008.04.06"]
[Round "11"]
[White "Boratynski, Piotr"]
[Black "Rawicz, Karol"]
[Result "0-1"]
[WhiteElo "1888"]
[BlackElo "2212"]
[PlyCount "70"]
[EventDate "2008.03.29"]
[EventType "swiss"]
[EventRounds "11"]
[EventCountry "POL"]
[SourceTitle "CBM 123 Extra"]
[Source "ChessBase"]
[SourceDate "2008.05.06"]
[SourceVersion "1"]
[SourceVersionDate "2008.05.06"]
[SourceQuality "1"]

1. e4 c5 2. d4 cxd4 3. c3 Nf6 4. e5 Nd5 5. cxd4 Nc6 6. Nc3 Nxc3 7. bxc3 d6 8. f4 g6 9. Nf3 Bg7 10. Be2 0-0 11. 0-0 Bf5 12. h3 Rc8 13. g4 Bd7 14. Be3 Na5 15. Rc1 Nc4 16. Bf2 Qa5 17. Nd2 Bb5 18. Nxc4 Bxc4 19. Bxc4 Rxc4 20. Qb3 Qd5 21. Bh4 dxe5 22. fxe5 e6 23. Rce1 Rfc8 24. Re3 R8c7 25. Be1 b5 26. a3 a5 27. Rff3 Bf8 28. Rd3 Be7 29. Bd2 Ra4 30. c4 Rcxc4 31. Qb2 Rxd4 32. Rxd4 Qxd4+ 33. Qxd4 Rxd4 34. Bxa5 Ra4 35. Bb6 Rxa3 0-1

[Event "POL-chT U19 2nd League"]
[Site "Lublin"]
[Date "2007.07.07"]
[Round "1"]
[White "Boratynski, Piotr"]
[Black "Galazewski, Tomasz"]
[Result "0-1"]
[WhiteElo "1938"]
[BlackElo "2259"]
[PlyCount "78"]
[EventDate "2007.07.07"]
[EventType "team-swiss"]
[EventRounds "11"]
[EventCountry "POL"]
[SourceTitle "EXT 2010"]
[Source "ChessBase"]
[SourceDate "2010.11.25"]
[SourceVersion "1"]
[SourceVersionDate "2010.11.25"]
[SourceQuality "1"]
[WhiteTeam "Kielce Zak U19"]
[BlackTeam "Bogatynia UKS SP3 U19"]
[WhiteTeamCountry "POL"]
[BlackTeamCountry "POL"]

1. e4 c5 2. Nf3 d6 3. d4 cxd4 4. Nxd4 Nf6 5. Nc3 Nc6 6. Bc4 Qb6 7. Nb3 e6 8. 0-0 Be7 9. Kh1 0-0 10. f4 Rd8 11. Qf3 a6 12. Bd3 Qc7 13. a3 b5 14. Bd2 Bb7 15. Rae1 Rac8 16. Nd1 d5 17. e5 Ne4 18. Qh3 g6 19. Ne3 h5 20. Bxe4 dxe4 21. Bc3 b4 22. axb4 Bxb4 23. f5 Bxc3 24. fxg6 Nxe5 25. gxf7+ Nxf7 26. bxc3 Qe5 27. Nd4 Re8 28. Ne2 Rc5 29. Rf2 Qg7 30. Nf4 Ng5 31. Qxh5 Rf8 32. h4 e5 33. Qxg5 Qxg5 34. hxg5 exf4 35. Ref1 f3 36. gxf3 exf3 37. c4 Kg7 38. Rh2 f2+ 39. Ng2 Rxg5 0-1

[Event "Kochan Memorial op-B 16th"]
[Site "Koszalin"]
[Date "2005.08.??"]
[Round "9"]
[White "Gosciniak, Maria"]
[Black "Boratynski, Piotr"]
[Result "1-0"]
[WhiteElo "1975"]
[BlackElo "1907"]
[PlyCount "47"]
[EventDate "2005.08.??"]
[EventType "swiss"]
[EventRounds "10"]
[EventCountry "POL"]
[SourceTitle "EXT 2006"]
[Source "ChessBase"]
[SourceDate "2005.11.24"]
[SourceVersion "1"]
[SourceVersionDate "2005.11.24"]
[SourceQuality "1"]

1. c4 c5 2. Nc3 e6 3. g3 Nf6 4. Bg2 Nc6 5. Nf3 a6 6. 0-0 Be7 7. Rb1 d5 8. cxd5 exd5 9. d4 Bf5 10. Ra1 0-0 11. Bg5 Be6 12. dxc5 h6 13. Bxf6 Bxf6 14. Rc1 Qa5 15. Na4 d4 16. a3 Qb5 17. b4 a5 18. Nb6 Rad8 19. Rb1 Bf5 20. a4 Qa6 21. b5 Qa7 22. bxc6 Bxb1 23. c7 Rde8 24. Qxb1 1-0